| 000 | 00727nam a2200229Ia 4500 | ||
|---|---|---|---|
| 003 | OSt | ||
| 005 | 20220614104006.0 | ||
| 008 | 210716s2012 xx 000 0 und d | ||
| 020 | _a9788132107170 | ||
| 040 | _cAIMIT LIBRARY | ||
| 041 | _aeng | ||
| 082 |
_a658.3124 _21 _bGUPS |
||
| 100 |
_aGuptan, Sunil Unny. _942140 |
||
| 245 |
_aExecutive coaching : _bpractitioners guide to creating excellence / _cBy Sunil Unny Guptan. |
||
| 250 | _a1st ed. | ||
| 260 |
_aNew Delhi : _bSage Publications ; _c2012. |
||
| 300 |
_axiv, 162p. ; _c21 cm. |
||
| 650 |
_aPreparing to be coached _942141 |
||
| 650 |
_aExecutive coaching tools _942142 |
||
| 650 |
_aWhat the HR function can do _942143 |
||
| 942 |
_2ddc _cBK _e1st _k658.3124 GUPS |
||
| 999 |
_c207874 _d207874 |
||